000 00309nam a22001337a 4500
003 SGT
020 _a9780199469321
082 _a657.95
_bBHAT
100 _aBHATTACHARYYA, ASISH K.
245 _aCORPORATE GOVERNANCE IN INDIA
260 _bOXFORD UNIVERSITY PRESS
_c2016
300 _a309
942 _2ddc
_cBK
_02
999 _c16320
_d16320